Suomen seuratuimmat jalkapalloseurat - Statistics

Yleistilastot
  • Tätä visaa on pelattu 87 kertaa
  • Keskiarvotulos 13 / 20
Vastaustilastot
Seuraajat Seura % Oikein
45,8k HJK
100%
20,0k Ilves
91%
19,2k KuPS
90%
9,9k TPS
84%
12,5k Inter Turku
80%
67,4k Gilla FC
74%
17,0k SJK
71%
11,3k KTP
68%
9,7k VPS
68%
11,3k FC Lahti
67%
15,3k FC Haka
62%
8,5k Gnistan
62%
11,7k HIFK
62%
7,4k FF Jaro
61%
12,3k AC Oulu
58%
8,2k RoPS
58%
6,9k IFK Mariehamn
57%
7,0k Honka
49%
5,0k JJK
43%
6,2k KPV
43%
Ehtoja vastaavia visoja ei löytynyt
Tulosjakauma
Jokaisen tuloksen saaneiden osuus
Persentiili vastausten määrän mukaan
Tuloshistoriasi
Et ole pelannut tätä visaa